The Morgan & Morgan darkroom book /

Bibliographic Details
Corporate Author: Morgan and Morgan, inc
Other Authors: Balsys, Algis, DeCock-Morgan, Liliane
Format: Book
Language:English
Published: Dobbs Ferry, N.Y. : Morgan & Morgan, [1980]
Subjects:

MARC

Tag First Indicator Second Indicator Subfields
LEADER 00000cam a2200000 a 4500
001 in00000077109
005 20151008060531.0
008 810107s1980 nyua b 00100 engm
010 |a  79088816  
020 |a 0871001705 :  |c $18.95 
020 |a 0871001209 (pbk.) 
035 |a (OCoLC)07203421 
035 |9 AAJ5973AM 
040 |a DLC  |c DLC  |d m.c.  |d TXA  |d UtOrBLW 
049 |a TXAM  |c [1387550] 
050 0 0 |a TR287  |b .M67 1980 
082 0 |a 770/.28/3  |2 19 
245 0 4 |a The Morgan & Morgan darkroom book /  |c edited by Algis Balsys & Liliane DeCock-Morgan. 
264 1 |a Dobbs Ferry, N.Y. :  |b Morgan & Morgan,  |c [1980] 
264 4 |c ©1980 
300 |a 221 pages :  |b illustrations ;  |c 25 cm. 
336 |a text  |b txt  |2 rdacontent 
337 |a unmediated  |b n  |2 rdamedia 
338 |a volume  |b nc  |2 rdacarrier 
500 |a Includes index. 
504 |a Bibliography: pages 213-215. 
650 0 |a Photography  |x Processing. 
650 0 |a Photography  |x Printing processes. 
700 1 |a Balsys, Algis. 
700 1 |a DeCock-Morgan, Liliane. 
710 2 |a Morgan and Morgan, inc. 
999 |a MARS 
999 f f |s d78496f2-cb49-3ba5-bb1b-76b99a3d7e3f  |i fbf0be75-5a20-38fc-99ae-8bd04e5b4b10  |t 0 
952 f f |p normal  |a Texas A&M University  |b College Station  |c Sterling C. Evans Library  |d Evans: Library Stacks  |t 0  |e TR287 .M67 1980  |h Library of Congress classification  |i unmediated -- volume  |m A14806258187 
998 f f |a TR287 .M67 1980  |t 0  |l Evans: Library Stacks